[Event "2. Torneig Internacional Vila d'Andratx"]
[Site "Andratx ESP"]
[Date "2007.10.11"]
[Round "5.5"]
[White "Schenk, Andres"]
[Black "Ryan, Joseph"]
[Result "1-0"]
[WhiteElo "2136"]
[BlackElo "2364"]
[PlyCount "195"]
[EventDate "2007.10.08"]
[EventType "tourn"]
[EventRounds "9"]
[EventCountry "ESP"]
[Source "lmi"]
[SourceDate "2007.10.08"]

1. d4 Nf6 2. Nf3 g6 3. g3 c5 4. c3 b6 5. Bg2 Bb7 6. O-O Bg7 7. Qb3 O-O 8. dxc5
Na6 9. cxb6 Nc5 10. Qb4 axb6 11. a4 Nd5 12. Qh4 e6 13. Bg5 f6 14. Bh6 Bxh6 15.
Qxh6 b5 16. Nd4 Rxa4 17. Na3 b4 18. Nab5 bxc3 19. Rxa4 Nxa4 20. bxc3 Naxc3 21.
Nxc3 Nxc3 22. Bxb7 Qb6 23. Qe3 Qxd4 24. Ba6 Qxe3 25. fxe3 Ra8 26. Bd3 Kf7 27.
Rc1 Ra3 28. Rc2 Ke7 29. Kg2 Nd5 30. Kf2 Nb4 31. Rd2 Nc6 32. h4 Ne5 33. Kg2 h5
34. Kf2 Ra1 35. Bb5 Ng4+ 36. Kg2 Ne5 37. Rb2 Ra3 38. e4 Re3 39. Rb4 Kd6 40. Ba6
Ra3 41. Bb7 Ra2 42. Kf1 g5 43. hxg5 fxg5 44. Rb1 Ke7 45. Rb5 Kf6 46. Bc8 Rc2
47. Ba6 h4 48. gxh4 gxh4 49. Rb3 Ra2 50. Bd3 h3 51. Kg1 Ng4 52. Rb1 Ke5 53. Kh1
Nf2+ 54. Kg1 h2+ 55. Kxf2 Ra8 56. Rh1 Rf8+ 57. Kg2 Ra8 58. Kxh2 Rg8 59. Rf1 d6
60. Rf3 Kd4 61. Rg3 Rh8+ 62. Kg2 Rh6 63. Rg4 e5 64. Kg3 Rh1 65. Kg2 Rh6 66. Rg3
Rh7 67. Rg4 Rh8 68. Kf2 Rh2+ 69. Kg3 Rh6 70. Rg8 Rh7 71. Kg4 Rh2 72. Rg6 Kc5
73. Rf6 Rg2+ 74. Kf5 Rg8 75. Ke6 Rb8 76. Rf7 Re8+ 77. Re7 Rc8 78. Kd7 Ra8 79.
Re8 Ra7+ 80. Ke6 Rc7 81. Rd8 Rc6 82. Kd7 Rb6 83. Ra8 Kd4 84. Ra4+ Ke3 85. Rc4
Rb7+ 86. Kxd6 Kf4 87. Rc7 Rb6+ 88. Rc6 Rb7 89. Kd5 Rf7 90. Re6 Rf8 91. Bb5 Rd8+
92. Rd6 Rf8 93. Rd7 Rb8 94. Rf7+ Ke3 95. Bd3 Re8 96. Rf3+ Kd2 97. Rf5 Ke3 98.
Rxe5 1-0

[Event "2. Torneig Internacional Vila d'Andratx"]
[Site "Andratx ESP"]
[Date "2007.10.12"]
[Round "6.1"]
[White "Ryan, Joseph"]
[Black "Movsziszian, Karen"]
[Result "0-1"]
[WhiteElo "2364"]
[BlackElo "2531"]
[PlyCount "64"]
[EventDate "2007.10.08"]
[EventType "tourn"]
[EventRounds "9"]
[EventCountry "ESP"]
[Source "lmi"]
[SourceDate "2007.10.08"]

1. e4 c5 2. Nf3 d6 3. Bb5+ Bd7 4. Bxd7+ Qxd7 5. O-O Nc6 6. c3 Nf6 7. d4 Nxe4 8.
d5 Ne5 9. Re1 Nxf3+ 10. Qxf3 Nf6 11. c4 e5 12. dxe6 fxe6 13. Nc3 Be7 14. Bg5
O-O 15. Qh3 h6 16. Qxe6+ Qxe6 17. Rxe6 Kf7 18. Rae1 Rfe8 19. Bh4 Bf8 20. Rxe8
Rxe8 21. Rd1 g5 22. Bg3 Ne4 23. Nb5 a6 24. Nc7 Rc8 25. Nd5 b5 26. b3 bxc4 27.
bxc4 Rb8 28. f3 Nxg3 29. hxg3 Rb2 30. a4 Bg7 31. Re1 Ra2 32. Nb6 h5 0-1

[Event "2. Torneig Internacional Vila d'Andratx"]
[Site "Andratx ESP"]
[Date "2007.10.12"]
[Round "6.2"]
[White "Cortes, Eduardo"]
[Black "Mateo, Ramon"]
[Result "0-1"]
[WhiteElo "2106"]
[BlackElo "2493"]
[PlyCount "68"]
[EventDate "2007.10.08"]
[EventType "tourn"]
[EventRounds "9"]
[EventCountry "ESP"]
[Source "lmi"]
[SourceDate "2007.10.08"]

1. e4 c5 2. d4 cxd4 3. Nf3 Nc6 4. Nxd4 Nf6 5. Nc3 e5 6. Ndb5 d6 7. a4 h6 8. Bc4
a6 9. Na3 Be7 10. O-O O-O 11. Re1 Be6 12. Be3 Nb8 13. a5 Nbd7 14. Bd5 Qc7 15.
Nc4 Rac8 16. Nb6 Nxb6 17. Bxb6 Qd7 18. Re2 Rfe8 19. Ra3 Bf8 20. Rb3 Nxd5 21.
Nxd5 f5 22. Rg3 Qf7 23. Rc3 Rxc3 24. Nxc3 fxe4 25. Rxe4 Be7 26. Re2 Rc8 27. Rd2
Qf5 28. f3 Kh8 29. Bf2 Rc6 30. Be3 Qg6 31. Bf2 Bf5 32. Nd5 Bg5 33. c3 Bxd2 34.
Ne7 Qg5 0-1

[Event "2. Torneig Internacional Vila d'Andratx"]
[Site "Andratx ESP"]
[Date "2007.10.12"]
[Round "6.2"]
[White "Glud, Jacob Vang"]
[Black "Schenk, Andres"]
[Result "1-0"]
[WhiteElo "2448"]
[BlackElo "2136"]
[PlyCount "59"]
[EventDate "2007.10.08"]
[EventType "tourn"]
[EventRounds "9"]
[EventCountry "ESP"]
[Source "lmi"]
[SourceDate "2007.10.08"]

1. d4 d5 2. Nf3 e6 3. c4 c6 4. Bg5 Be7 5. Bxe7 Qxe7 6. e3 f5 7. Nc3 Nf6 8. Bd3
O-O 9. O-O Bd7 10. Ne5 Ne4 11. f3 Nxc3 12. bxc3 Be8 13. Qb3 Bg6 14. a4 Qc7 15.
Rfb1 b6 16. a5 Nd7 17. Nxd7 Qxd7 18. axb6 axb6 19. Qxb6 f4 20. Bxg6 hxg6 21.
exf4 dxc4 22. Qc5 Qd5 23. Rxa8 Rxa8 24. Qe7 Qf5 25. Rb7 Ra1+ 26. Kf2 Ra2+ 27.
Kg3 Qf6 28. Qe8+ Kh7 29. Rf7 Ra8 30. Qd7 1-0

[Event "2. Torneig Internacional Vila d'Andratx"]
[Site "Andratx ESP"]
[Date "2007.10.12"]
[Round "6.4"]
[White "Gonzalez Arribas, Alejandro"]
[Black "Massanet, Sebastian"]
[Result "1-0"]
[WhiteElo "2292"]
[BlackElo "2208"]
[PlyCount "89"]
[EventDate "2007.10.08"]
[EventType "tourn"]
[EventRounds "9"]
[EventCountry "ESP"]
[Source "lmi"]
[SourceDate "2007.10.08"]

1. c4 Nf6 2. Nc3 g6 3. g3 Bg7 4. Bg2 O-O 5. d4 d6 6. Nf3 Nbd7 7. O-O e5 8. Qc2
Re8 9. Rd1 c6 10. e4 Qe7 11. b3 exd4 12. Nxd4 Nc5 13. f3 a5 14. Be3 Nfd7 15.
Bf2 Ne5 16. h3 Qc7 17. Rab1 Ned7 18. f4 Nb6 19. a3 Bf8 20. Bf1 Be6 21. Nxe6
Rxe6 22. Bxc5 dxc5 23. e5 f6 24. exf6 Rxf6 25. Ne4 Re6 26. Re1 Bg7 27. Ng5 Rxe1
28. Rxe1 Qd6 29. Kh2 Rd8 30. Bg2 Nd7 31. Re6 Qf8 32. Qd2 h6 33. Ne4 Nf6 34.
Qxa5 Nxe4 35. Rxe4 Rd3 36. Qb6 Bd4 37. Qxb7 Bf2 38. Qxc6 Bxg3+ 39. Kg1 Bxf4 40.
Qxg6+ Kh8 41. Rxf4 Qxf4 42. Qxd3 Qc1+ 43. Kh2 Qxa3 44. Qd8+ Kg7 45. Qe7+ 1-0

[Event "2. Torneig Internacional Vila d'Andratx"]
[Site "Andratx ESP"]
[Date "2007.10.12"]
[Round "6.5"]
[White "Galiana, Joan Ramon"]
[Black "Martinez Gonzalez, Alejandro"]
[Result "0-1"]
[WhiteElo "2252"]
[BlackElo "2328"]
[PlyCount "98"]
[EventDate "2007.10.08"]
[EventType "tourn"]
[EventRounds "9"]
[EventCountry "ESP"]
[Source "lmi"]
[SourceDate "2007.10.08"]

1. e4 c5 2. Nf3 e6 3. d4 cxd4 4. Nxd4 Nc6 5. Nc3 Qc7 6. Nb3 a6 7. Bd3 Nf6 8.
O-O Be7 9. f4 d6 10. Qf3 O-O 11. Bd2 b5 12. Rae1 Bb7 13. Qh3 b4 14. Nd1 Rfd8
15. Ne3 a5 16. Ng4 Nxg4 17. Qxg4 Bf6 18. Qh3 Bxb2 19. e5 g6 20. f5 exf5 21.
exd6 Qxd6 22. Bf4 Qd5 23. Bg5 Re8 24. Rd1 Qe5 25. Kh1 Nd4 26. Nd2 Ne6 27. Bh6
Qc7 28. Nc4 Bc3 29. Ne3 Nc5 30. Bc4 Ne4 31. Bf4 Qe7 32. Bb5 Red8 33. Bd3 Ba6
34. Bh6 Bxd3 35. cxd3 Nc5 36. Nxf5 gxf5 37. Qxf5 Qe6 38. Qxc5 Qxh6 39. d4 Qg7
40. Rf4 Ra6 41. Rdf1 Bxd4 42. Qc7 Bf6 43. Qc4 Rad6 44. Rg4 Bg5 45. h4 Rd4 46.
Rxd4 Rxd4 47. Qc8+ Bd8 48. Rf4 Rd1+ 49. Kh2 Qe5 0-1

[Event "2. Torneig Internacional Vila d'Andratx"]
[Site "Andratx ESP"]
[Date "2007.10.13"]
[Round "7.1"]
[White "Movsziszian, Karen"]
[Black "Glud, Jacob Vang"]
[Result "1/2-1/2"]
[WhiteElo "2531"]
[BlackElo "2448"]
[PlyCount "22"]
[EventDate "2007.10.08"]
[EventType "tourn"]
[EventRounds "9"]
[EventCountry "ESP"]
[Source "lmi"]
[SourceDate "2007.10.08"]

1. e4 e6 2. d3 d5 3. Nd2 Nf6 4. Ngf3 c5 5. g3 Nc6 6. Bg2 Be7 7. O-O O-O 8. Re1
b5 9. e5 Nd7 10. h4 a5 11. Nf1 Ba6 1/2-1/2

[Event "2. Torneig Internacional Vila d'Andratx"]
[Site "Andratx ESP"]
[Date "2007.10.13"]
[Round "7.2"]
[White "Mateo, Ramon"]
[Black "Ryan, Joseph"]
[Result "1-0"]
[WhiteElo "2493"]
[BlackElo "2364"]
[PlyCount "45"]
[EventDate "2007.10.08"]
[EventType "tourn"]
[EventRounds "9"]
[EventCountry "ESP"]
[Source "lmi"]
[SourceDate "2007.10.08"]

1. c4 Nf6 2. Nc3 c5 3. Nf3 g6 4. d4 cxd4 5. Nxd4 Nc6 6. g3 d6 7. Bg2 Nxd4 8.
Qxd4 Bg7 9. b3 O-O 10. Bb2 Nd7 11. Qd2 Qa5 12. O-O a6 13. Rfd1 Re8 14. Rac1 Rb8
15. a3 Qh5 16. Nd5 Bxb2 17. Qxb2 Qe5 18. Qd2 Nc5 19. Rc3 Be6 20. Re3 Qg7 21.
Nxe7+ Kf8 22. Qxd6 Qb2 23. Nc6+ 1-0

[Event "2. Torneig Internacional Vila d'Andratx"]
[Site "Andratx ESP"]
[Date "2007.10.13"]
[Round "7.3"]
[White "Martinez Gonzalez, Alejandro"]
[Black "Cortes, Eduardo"]
[Result "1-0"]
[WhiteElo "2328"]
[BlackElo "2106"]
[PlyCount "31"]
[EventDate "2007.10.08"]
[EventType "tourn"]
[EventRounds "9"]
[EventCountry "ESP"]
[Source "lmi"]
[SourceDate "2007.10.08"]

1. d4 d5 2. c4 c6 3. Nf3 Nf6 4. Qc2 g6 5. g3 Bg7 6. Bg2 O-O 7. O-O Bf5 8. Qa4
Nbd7 9. cxd5 cxd5 10. Nc3 Nb6 11. Qb4 Ne4 12. Bf4 Rc8 13. Rfc1 Re8 14. Nb5 Rc4
15. Qb3 a6 16. Nc7 1-0

[Event "2. Torneig Internacional Vila d'Andratx"]
[Site "Andratx ESP"]
[Date "2007.10.13"]
[Round "7.4"]
[White "Schenk, Andres"]
[Black "Gonzalez Arribas, Alejandro"]
[Result "0-1"]
[WhiteElo "2136"]
[BlackElo "2298"]
[PlyCount "106"]
[EventDate "2007.10.08"]
[EventType "tourn"]
[EventRounds "9"]
[EventCountry "ESP"]
[Source "lmi"]
[SourceDate "2007.10.08"]

1. d4 d5 2. c4 e6 3. Nc3 c6 4. cxd5 exd5 5. Nf3 Bf5 6. Bf4 Qb6 7. Qb3 Nd7 8. e3
Ngf6 9. h3 Be7 10. Be2 O-O 11. O-O Rfe8 12. Rfc1 Qxb3 13. axb3 Ne4 14. Nxe4
Bxe4 15. Ne5 Nxe5 16. Bxe5 Rec8 17. Bg4 Rf8 18. Ra4 Bd3 19. Rca1 a6 20. Rc1 f5
21. Bf3 Rac8 22. Raa1 g6 23. Rc3 Bb5 24. Rc2 Kf7 25. g3 Ke6 26. Rd1 Rfd8 27. h4
Bb4 28. Bf4 c5 29. dxc5 Rxc5 30. Rxc5 Bxc5 31. Kg2 b6 32. Bg5 Rd7 33. h5 d4 34.
hxg6 hxg6 35. e4 d3 36. Bd2 Bd4 37. exf5+ gxf5 38. Rh1 Bxb2 39. Rh6+ Ke5 40.
Rxb6 Kd4 41. Re6 Rc7 42. Rd6+ Kc5 43. Rd5+ Kb6 44. Be3+ Ka5 45. Bd2+ Bc3 46.
Bf4 Rf7 47. Bh5 Rd7 48. Rxf5 d2 49. Bd1 Kb4 50. g4 Ka3 51. Be5 Bxe5 52. Rxe5
Rc7 53. Rh5 Rc1 0-1

[Event "2. Torneig Internacional Vila d'Andratx"]
[Site "Andratx ESP"]
[Date "2007.10.13"]
[Round "7.5"]
[White "Massanet, Sebastian"]
[Black "Galiana, Joan Ramon"]
[Result "1-0"]
[WhiteElo "2208"]
[BlackElo "2252"]
[PlyCount "57"]
[EventDate "2007.10.08"]
[EventType "tourn"]
[EventRounds "9"]
[EventCountry "ESP"]
[Source "lmi"]
[SourceDate "2007.10.08"]

1. e4 e6 2. d4 d5 3. Nd2 Nf6 4. e5 Nfd7 5. f4 c5 6. c3 Nc6 7. Ndf3 Qb6 8. Ne2
f6 9. a3 Be7 10. h4 Na5 11. b4 cxb4 12. cxb4 Nc4 13. Nc3 Qc6 14. b5 Qc7 15. Qb3
fxe5 16. fxe5 O-O 17. Bxc4 dxc4 18. Qc2 b6 19. Bg5 Rf7 20. Bxe7 Rxe7 21. Ng5
Nf8 22. O-O-O Bb7 23. Rhf1 g6 24. Rf4 Rg7 25. Rdf1 Qe7 26. Kb2 Rd8 27. Qf2 Bd5
28. Nf7 Rxf7 29. Rxf7 1-0

[Event "2. Torneig Internacional Vila d'Andratx"]
[Site "Andratx ESP"]
[Date "2007.10.13"]
[Round "8.1"]
[White "Gonzalez Arribas, Alejandro"]
[Black "Movsziszian, Karen"]
[Result "0-1"]
[WhiteElo "2293"]
[BlackElo "2531"]
[PlyCount "102"]
[EventDate "2007.10.08"]
[EventType "tourn"]
[EventRounds "9"]
[EventCountry "ESP"]
[Source "lmi"]
[SourceDate "2007.10.08"]

1. c4 g6 2. Nc3 Bg7 3. g3 e5 4. Bg2 d6 5. e3 f5 6. d3 Nf6 7. Nge2 O-O 8. O-O c6
9. d4 e4 10. f3 exf3 11. Bxf3 Re8 12. Bg2 Na6 13. Nf4 Qe7 14. Re1 g5 15. Nh5
Nxh5 16. Qxh5 Be6 17. Qe2 Bf7 18. Bd2 Bg6 19. Kh1 h6 20. a3 Nc7 21. b4 Kh7 22.
b5 c5 23. Bxb7 Nxb5 24. Bxa8 Nxc3 25. Bxc3 Rxa8 26. Rac1 Rb8 27. dxc5 Bxc3 28.
Rxc3 dxc5 29. Rd1 Be8 30. Qf3 Qe6 31. Rd5 Bc6 32. Kg1 Rb1+ 33. Kf2 Rb2+ 34. Ke1
Kg6 35. Rcd3 Rb1+ 36. Kf2 Qf6 37. Rd6 Bxf3 38. Kxf3 g4+ 39. Kf2 Rb2+ 40. Kg1
Ra2 41. Rxf6+ Kxf6 42. Rd5 Rxa3 43. Rxc5 a5 44. Rb5 a4 45. Ra5 Ke6 46. c5 Ra1+
47. Kg2 a3 48. h4 Ra2+ 49. Kg1 Kd5 50. Kf1 Ke4 51. c6 Kf3 0-1

[Event "2. Torneig Internacional Vila d'Andratx"]
[Site "Andratx ESP"]
[Date "2007.10.13"]
[Round "8.2"]
[White "Glud, Jacob Vang"]
[Black "Mateo, Ramon"]
[Result "1/2-1/2"]
[WhiteElo "2448"]
[BlackElo "2493"]
[PlyCount "22"]
[EventDate "2007.10.08"]
[EventType "tourn"]
[EventRounds "9"]
[EventCountry "ESP"]
[Source "lmi"]
[SourceDate "2007.10.08"]

1. e4 c6 2. d4 d5 3. Nc3 dxe4 4. Nxe4 Nf6 5. Nxf6+ gxf6 6. c3 Bf5 7. Nf3 Nd7 8.
Bd3 Bg6 9. O-O Bg7 10. Re1 O-O 11. Be3 e6 1/2-1/2

[Event "2. Torneig Internacional Vila d'Andratx"]
[Site "Andratx ESP"]
[Date "2007.10.13"]
[Round "8.3"]
[White "Ryan, Joseph"]
[Black "Martinez Gonzalez, Alejandro"]
[Result "0-1"]
[WhiteElo "2364"]
[BlackElo "2328"]
[PlyCount "104"]
[EventDate "2007.10.08"]
[EventType "tourn"]
[EventRounds "9"]
[EventCountry "ESP"]
[Source "lmi"]
[SourceDate "2007.10.08"]

1. e4 e5 2. Nf3 Nc6 3. Bc4 Nf6 4. d4 exd4 5. e5 Ng4 6. Qe2 Qe7 7. Bf4 d6 8.
exd6 cxd6 9. Na3 a6 10. O-O Qxe2 11. Bxe2 d5 12. Nb1 Bc5 13. Nbd2 O-O 14. Nb3
Ba7 15. h3 Re8 16. Bd3 Nf6 17. Rfe1 Ne4 18. a3 Bf5 19. Nh2 Bg6 20. Ng4 f6 21.
Rad1 Kf7 22. Kf1 h5 23. Nh2 Ne5 24. Nc1 Nc4 25. f3 Nc5 26. Bxg6+ Kxg6 27. Nd3
Nxd3 28. Rxd3 Rxe1+ 29. Kxe1 Re8+ 30. Kf1 b5 31. Bc1 Bb8 32. f4 Ne3+ 33. Bxe3
dxe3 34. Ke2 Bxf4 35. Nf3 Rd8 36. Nd4 Rd7 37. Ne6 Kf5 38. Nc5 Rd6 39. Nb7 Rc6
40. Rxd5+ Ke4 41. Rc5 Rb6 42. Nd8 f5 43. Rc8 Be5 44. c3 Rg6 45. Kf1 e2+ 46.
Kxe2 Rxg2+ 47. Kd1 Rxb2 48. Nc6 Bxc3 49. Re8+ Kf3 50. Rf8 f4 51. Ne7 g5 52. Nd5
Rd2+ 0-1

[Event "2. Torneig Internacional Vila d'Andratx"]
[Site "Andratx ESP"]
[Date "2007.10.13"]
[Round "8.4"]
[White "Galiana, Joan Ramon"]
[Black "Cortes, Eduardo"]
[Result "1/2-1/2"]
[WhiteElo "2252"]
[BlackElo "2106"]
[PlyCount "35"]
[EventDate "2007.10.08"]
[EventType "tourn"]
[EventRounds "9"]
[EventCountry "ESP"]
[Source "lmi"]
[SourceDate "2007.10.08"]

1. e4 c5 2. Nf3 Nc6 3. d4 cxd4 4. Nxd4 g6 5. Nc3 Bg7 6. Nb3 Nf6 7. Be2 O-O 8.
O-O a5 9. a4 d6 10. Re1 Be6 11. Bf1 Nb4 12. Nd4 Bg4 13. f3 Bd7 14. Be3 Rc8 15.
Re2 Re8 16. Rd2 h6 17. Qe1 Nh7 18. Qh4 1/2-1/2

[Event "2. Torneig Internacional Vila d'Andratx"]
[Site "Andratx ESP"]
[Date "2007.10.13"]
[Round "8.5"]
[White "Massanet, Sebastian"]
[Black "Schenk, Andres"]
[Result "1/2-1/2"]
[WhiteElo "2208"]
[BlackElo "2136"]
[PlyCount "112"]
[EventDate "2007.10.08"]
[EventType "tourn"]
[EventRounds "9"]
[EventCountry "ESP"]
[Source "lmi"]
[SourceDate "2007.10.08"]

1. e4 e5 2. Nf3 Nc6 3. d4 exd4 4. Nxd4 Nge7 5. c4 Nxd4 6. Qxd4 Nc6 7. Qd3 Bc5
8. Be2 d6 9. O-O O-O 10. Nc3 Be6 11. b3 f5 12. Bb2 Bd4 13. Bf3 Qg5 14. Kh1 Be5
15. Rae1 Qh6 16. g3 f4 17. Bc1 Qh3 18. Bg2 Qh5 19. Bf3 Qh3 20. Bg2 Qh5 21. Bf3
Bg4 22. Bxg4 Qxg4 23. f3 Qh3 24. gxf4 Bxf4 25. Bxf4 Rxf4 26. Nd5 Rh4 27. Qe2
Rf8 28. Qg2 Ne5 29. Ne7+ Kh8 30. Nf5 Qxg2+ 31. Kxg2 Rh5 32. f4 Nd3 33. Re3 Nc5
34. Nd4 Rh6 35. f5 Rhf6 36. e5 dxe5 37. Rxe5 b6 38. Nb5 c6 39. Nxa7 g6 40. b4
Nd3 41. Re3 Nxb4 42. Rb3 c5 43. a3 Nc2 44. Nb5 gxf5 45. Rc1 Rg6+ 46. Kf3 Rh6
47. Kg2 Rg8+ 48. Kh1 Rhg6 49. Rc3 Nd4 50. Nxd4 cxd4 51. Rd3 Rg4 52. Rcd1 Rd8
53. Rf1 f4 54. Rfd1 f3 55. Rxf3 d3 56. Rfxd3 Rxd3 1/2-1/2

[Event "2. Torneig Internacional Vila d'Andratx"]
[Site "Andratx ESP"]
[Date "2007.10.14"]
[Round "9.1"]
[White "Movsziszian, Karen"]
[Black "Massanet, Sebastian"]
[Result "0-1"]
[WhiteElo "2531"]
[BlackElo "2208"]
[PlyCount "64"]
[EventDate "2007.10.08"]
[EventType "tourn"]
[EventRounds "9"]
[EventCountry "ESP"]
[Source "lmi"]
[SourceDate "2007.10.08"]

1. e4 e6 2. d3 d5 3. Nd2 Nf6 4. Ngf3 c5 5. g3 Nc6 6. Bg2 Be7 7. O-O O-O 8. Re1
b5 9. e5 Nd7 10. Nf1 a5 11. h4 b4 12. N1h2 a4 13. a3 bxa3 14. bxa3 Qc7 15. Bf4
Nd4 16. c4 Nb6 17. Ng4 Qd8 18. Rc1 Nb3 19. Rc3 Ba6 20. Ng5 Nd4 21. Ne3 f6 22.
Nxh7 Kxh7 23. cxd5 g5 24. hxg5 fxg5 25. Qh5+ Kg7 26. Be4 Rh8 27. Qg6+ Kf8 28.
d6 gxf4 29. Rxc5 Ra7 30. Rb1 Bxd6 31. exd6 Rg7 32. Rh5 Rxg6 0-1

[Event "2. Torneig Internacional Vila d'Andratx"]
[Site "Andratx ESP"]
[Date "2007.10.14"]
[Round "9.2"]
[White "Martinez Gonzalez, Alejandro"]
[Black "Glud, Jacob Vang"]
[Result "0-1"]
[WhiteElo "2328"]
[BlackElo "2448"]
[PlyCount "128"]
[EventDate "2007.10.08"]
[EventType "tourn"]
[EventRounds "9"]
[EventCountry "ESP"]
[Source "lmi"]
[SourceDate "2007.10.08"]

1. d4 d5 2. c4 c6 3. Nf3 Nf6 4. e3 Bf5 5. Bd3 Bxd3 6. Qxd3 e6 7. O-O Nbd7 8.
Nc3 Be7 9. e4 dxe4 10. Nxe4 O-O 11. Bf4 Nxe4 12. Qxe4 Nf6 13. Qe2 Qa5 14. Rfd1
Rfd8 15. b3 Rac8 16. a4 Qf5 17. Bg3 Ne4 18. Rd3 Nxg3 19. hxg3 Bf6 20. Rad1 Rd6
21. Qe3 Rcd8 22. R3d2 Qa5 23. g4 h6 24. Rd3 a6 25. Qd2 Qc7 26. Qf4 Qe7 27. Qe4
Qc7 28. Qf4 Qc8 29. Qe4 b5 30. axb5 axb5 31. Ne5 Qa6 32. f4 bxc4 33. bxc4 Bxe5
34. dxe5 Rxd3 35. Rxd3 Qb6+ 36. Kh2 Rxd3 37. Qxd3 Qf2 38. Qe4 Qh4+ 39. Kg1 Qxg4
40. Qxc6 Qxf4 41. Qc8+ Kh7 42. c5 g5 43. c6 g4 44. Qb7 g3 45. Qb1+ Kg7 46. Qc2
Qxe5 47. Kf1 Qc7 48. Ke2 h5 49. Qb2+ Kf8 50. Qb7 Qe5+ 51. Kd2 Qd5+ 52. Kc3 Kg7
53. Qd7 Qc5+ 54. Kd3 Qb5+ 55. Kc3 e5 56. Qb7 Qc5+ 57. Kd3 Qd5+ 58. Kc3 Qxg2 59.
Qd7 Qf3+ 60. Kb4 g2 61. c7 g1=Q 62. c8=Q Qe1+ 63. Kc5 Qa5+ 64. Kd6 Qf6+ 0-1

[Event "2. Torneig Internacional Vila d'Andratx"]
[Site "Andratx ESP"]
[Date "2007.10.14"]
[Round "9.3"]
[White "Mateo, Ramon"]
[Black "Gonzalez Arribas, Alejandro"]
[Result "1/2-1/2"]
[WhiteElo "2493"]
[BlackElo "2293"]
[PlyCount "108"]
[EventDate "2007.10.08"]
[EventType "tourn"]
[EventRounds "9"]
[EventCountry "ESP"]
[Source "lmi"]
[SourceDate "2007.10.08"]

1. c4 e6 2. d4 d5 3. Nf3 c6 4. Qc2 dxc4 5. Qxc4 b5 6. Qc2 Bb7 7. g3 Nd7 8. Bg2
Ngf6 9. Nc3 c5 10. O-O a6 11. e4 b4 12. e5 Nd5 13. Ne2 Rc8 14. Qe4 g6 15. Bg5
Qb6 16. Qh4 h6 17. Nd2 cxd4 18. Rac1 Rxc1 19. Rxc1 Bg7 20. Bf6 g5 21. Bxg7 gxh4
22. Nc4 Rg8 23. Nxb6 Rxg7 24. Nxd5 Bxd5 25. Bxd5 exd5 26. Rc8+ Ke7 27. Nxd4
Nxe5 28. Rb8 Rg4 29. Ne2 hxg3 30. hxg3 Rc4 31. b3 Rc2 32. Nf4 Nc6 33. Rb7+ Kd6
34. Rxf7 d4 35. Rf6+ Kd7 36. Nd3 a5 37. Rxh6 Rxa2 38. g4 a4 39. bxa4 Ra3 40.
Rh3 Kc7 41. g5 b3 42. Nb2 Ne7 43. Rd3 Nf5 44. g6 Kc6 45. Rxd4 Nxd4 46. g7 Ra1+
47. Kg2 Ne2 48. Kf3 Rg1 49. Kxe2 Rxg7 50. Kd3 Rf7 51. Kc3 Rf3+ 52. Kb4 Kb6 53.
Nc4+ Ka6 54. Nb2 Rxf2 1/2-1/2

[Event "2. Torneig Internacional Vila d'Andratx"]
[Site "Andratx ESP"]
[Date "2007.10.14"]
[Round "9.4"]
[White "Cortes, Eduardo"]
[Black "Ryan, Joseph"]
[Result "0-1"]
[WhiteElo "2106"]
[BlackElo "2364"]
[PlyCount "76"]
[EventDate "2007.10.08"]
[EventType "tourn"]
[EventRounds "9"]
[EventCountry "ESP"]
[Source "lmi"]
[SourceDate "2007.10.08"]

1. e4 c5 2. d4 cxd4 3. Nf3 Nc6 4. Nxd4 g6 5. c4 Nf6 6. Nc3 d6 7. Be2 Nxd4 8.
Qxd4 Bg7 9. Bg5 O-O 10. Qd2 Be6 11. Rc1 Qa5 12. f3 Rfc8 13. b3 a6 14. Na4 Qxd2+
15. Kxd2 Nd7 16. Bxe7 Bh6+ 17. Kc2 Bxc1 18. Rxc1 b5 19. Nb2 bxc4 20. Bxc4 Ne5
21. Kd2 Nxc4+ 22. Nxc4 Bxc4 23. Rxc4 Rxc4 24. bxc4 Rc8 25. Kd3 Rc6 26. Kd4 Kg7
27. a3 f6 28. Kd5 Rc5+ 29. Kd4 Rg5 30. g4 h5 31. h4 Ra5 32. Bxd6 Kf7 33. Bb4
Re5 34. f4 Re8 35. gxh5 Rd8+ 36. Kc5 gxh5 37. Kb6 Rd4 38. c5 Ke6 0-1